Novohrad - príroda čiepky z histórie

Bibliographic Details
Main Author: Lacika, Ján, 1956- (Author, Photographer)
Format: Article
Language:Slovak
PhysicalDescription:Fotogr.
ISSN:0323-0643
Subjects:

MARC

LEADER 00000nab a2200000 a 4500
001 vtls010258911
003 SK-MaSNL
005 20260305035334.0
008 14062519c2009 xo o |||||||||||||||b|sl
015 |a SNBRB2009/07 
035 |a SVKKK000096737 
038 |a SVKKK 
040 |a SVKKK  |b slo  |c SVKKK  |e AACR2 
041 0 |a slo 
044 |a xo  |c SK 
080 |a 911.375:904  |x (437.6)  |2 1997 
080 |a 502  |2 1997 
100 1 |a Lacika, Ján,  |d 1956-  |4 aut  |4 pht  |9 101502 
245 1 0 |a Novohrad - príroda  |b čiepky z histórie  |c Ján Lacika 
300 |b Fotogr. 
650 0 7 |a kultúrne pamiatky  |x historické pamiatky  |z Novohrad (Slovensko)  |x história  |2 snkbucl  |9 1617826 
650 0 7 |a prírodné pamiatky  |2 snkbucl  |9 3807 
651 7 |a Novohrad (Slovensko : región)  |2 snkbucl  |9 169944 
773 0 |t Krásy Slovenska  |g Roč. 86, č. 7-8 (2009), s. 12-15  |x 0323-0643 
852 |a SVKKK  |b BIB 
999 |c 3333413  |d 3335343